[Event "Online Olym Div2 D"]
[Site "Chess.com INT"]
[Date "2020.08.16"]
[Round "8.2"]
[White "Jessel, Stephen"]
[Black "Kjartansson, Gudmundur"]
[Result "0-1"]
[WhiteElo "2297"]
[BlackElo "2467"]
[PlyCount "130"]
[EventDate "2020.08.14"]
[EventType "team-tourn (rapid)"]
[EventRounds "9"]
[EventCountry "USA"]
[SourceTitle "CBM 198"]
[Source "ChessBase"]
[SourceDate "2020.10.31"]
[SourceVersion "1"]
[SourceVersionDate "2020.10.31"]
[SourceQuality "1"]
[WhiteTeam "Ireland"]
[BlackTeam "Iceland"]
[WhiteTeamCountry "IRL"]
[BlackTeamCountry "ISL"]

1. Nf3 Nf6 2. c4 e6 3. g3 d5 4. Bg2 dxc4 5. Qc2 Nbd7 6. Na3 Bxa3 7. bxa3 0-0 8. Bb2 c5 9. 0-0 Qc7 10. Qxc4 b5 11. Qc2 Bb7 12. Rfc1 Rfc8 13. a4 b4 14. a3 a5 15. axb4 axb4 16. d3 Ne8 17. Qd2 Qb6 18. Qf4 Bc6 19. Ng5 Ndf6 20. a5 Rxa5 21. Rxa5 Qxa5 22. Bxc6 Rxc6 23. Bxf6 gxf6 24. Qb8 Kf8 25. Nxh7+ Ke7 26. Kg2 Qb6 27. Qa8 Rc7 28. Kh3 b3 29. Rb1 Ra7 30. Qf3 b2 31. d4 Ra1 32. dxc5 Qb4 33. Qd3 Rxb1 34. Qxb1 Qxc5 35. Qxb2 Qh5+ 36. Kg2 Qxh7 37. h4 Qe4+ 38. f3 Qd5 39. Qb4+ Nd6 40. g4 Kf8 41. Qe1 Kg7 42. Qc1 Nc4 43. h5 Qd4 44. Kg3 Qe5+ 45. Kh3 Qxe2 46. Qf4 Ne3 47. Qg3 Nf1 48. Qf4 Qe3 49. Qxe3 Nxe3 50. Kg3 Nd5 51. f4 Kh6 52. Kf3 f5 53. gxf5 exf5 54. Kg3 Kxh5 55. Kh2 Kg4 56. Kg1 Nxf4 57. Kf2 Nh3+ 58. Kg2 f4 59. Kh2 f3 60. Kh1 Nf4 61. Kh2 Nd3 62. Kg1 Kg3 63. Kh1 Nf4 64. Kg1 f2+ 65. Kf1 Ne6 0-1

[Event "Online Olym Div2 D"]
[Site "Chess.com INT"]
[Date "2020.08.14"]
[Round "2.1"]
[White "Jessel, Stephen"]
[Black "Ivanisevic, Ivan"]
[Result "0-1"]
[WhiteElo "2297"]
[BlackElo "2602"]
[PlyCount "50"]
[EventDate "2020.08.14"]
[EventType "team-tourn (rapid)"]
[EventRounds "9"]
[EventCountry "USA"]
[SourceTitle "CBM 198"]
[Source "ChessBase"]
[SourceDate "2020.10.31"]
[SourceVersion "1"]
[SourceVersionDate "2020.10.31"]
[SourceQuality "1"]
[WhiteTeam "Ireland"]
[BlackTeam "Serbia"]
[WhiteTeamCountry "IRL"]
[BlackTeamCountry "SRB"]

1. Nf3 d5 2. c4 d4 3. b4 g5 4. h3 Bg7 5. Nxg5 e5 6. d3 Nf6 7. g3 h6 8. Nf3 e4 9. Nh4 e3 10. Bg2 0-0 11. Na3 Nh5 12. Bf3 Qg5 13. Rg1 Nc6 14. Nc2 Re8 15. Rb1 Bxh3 16. b5 Ne5 17. Bxh5 Qxh5 18. fxe3 dxe3 19. Bxe3 Rad8 20. Rb3 Nxc4 21. Bf2 Bg4 22. dxc4 Rxd1+ 23. Kxd1 Rxe2 24. Bxa7 Qg5 25. Rd3 Rd2+ 0-1

[Event "Online Olym Div2 D"]
[Site "Chess.com INT"]
[Date "2020.08.14"]
[Round "3.1"]
[White "Solak, Dragan"]
[Black "Jessel, Stephen"]
[Result "1-0"]
[WhiteElo "2594"]
[BlackElo "2297"]
[PlyCount "81"]
[EventDate "2020.08.14"]
[EventType "team-tourn (rapid)"]
[EventRounds "9"]
[EventCountry "USA"]
[SourceTitle "CBM 198"]
[Source "ChessBase"]
[SourceDate "2020.10.31"]
[SourceVersion "1"]
[SourceVersionDate "2020.10.31"]
[SourceQuality "1"]
[WhiteTeam "Turkey"]
[BlackTeam "Ireland"]
[WhiteTeamCountry "TUR"]
[BlackTeamCountry "IRL"]

1. e4 c5 2. c4 e6 3. Nc3 a6 4. g3 Qc7 5. Bg2 b6 6. Nge2 Bb7 7. 0-0 Nf6 8. d3 d6 9. h3 g6 10. d4 cxd4 11. Nxd4 Nbd7 12. Be3 Rd8 13. Rc1 Qb8 14. Qa4 Qa8 15. Rfe1 Bg7 16. Rcd1 0-0 17. Bg5 h6 18. Bc1 Rfe8 19. Qc2 Rc8 20. b3 Bf8 21. a4 Nc5 22. Re3 Red8 23. Bb2 Bg7 24. Nde2 d5 25. exd5 exd5 26. cxd5 b5 27. axb5 axb5 28. Qb1 b4 29. Na4 Nxa4 30. bxa4 Qxa4 31. Red3 Ba6 32. R3d2 Bc4 33. d6 Ba2 34. Qa1 Bb3 35. Bxf6 Bxf6 36. Qxf6 Bxd1 37. Bd5 Rf8 38. Qxg6+ Kh8 39. Qxh6+ Kg8 40. Qg5+ Kh8 41. Rd4 1-0

[Event "Online Olym Div3 A"]
[Site "Chess.com INT"]
[Date "2020.08.09"]
[Round "8.3"]
[White "Duneas, John"]
[Black "Jessel, Stephen"]
[Result "0-1"]
[WhiteElo "2147"]
[BlackElo "2297"]
[PlyCount "68"]
[EventDate "2020.08.07"]
[EventType "team-tourn (rapid)"]
[EventRounds "9"]
[EventCountry "USA"]
[SourceTitle "CBM 198"]
[Source "ChessBase"]
[SourceDate "2020.10.31"]
[SourceVersion "1"]
[SourceVersionDate "2020.10.31"]
[SourceQuality "1"]
[WhiteTeam "New Zealand"]
[BlackTeam "Ireland"]
[WhiteTeamCountry "NZL"]
[BlackTeamCountry "IRL"]

1. d4 e6 2. c4 b6 3. Nf3 Bb7 4. g3 Bb4+ 5. Nbd2 Bxf3 6. exf3 Nc6 7. a3 Bxd2+ 8. Qxd2 Qf6 9. Bg2 Nxd4 10. Qd3 Ne7 11. 0-0 Rd8 12. f4 h5 13. Bd2 c5 14. Bc3 Nef5 15. Rad1 0-0 16. Be4 Qh6 17. Bxf5 Nxf5 18. Qe4 d6 19. Qb7 Ra8 20. Rd3 Rfb8 21. Qa6 Rd8 22. Rfd1 Rd7 23. b4 Qg6 24. bxc5 bxc5 25. Qc6 Rdd8 26. Be5 Rdc8 27. Qe4 dxe5 28. fxe5 Nd4 29. Qxg6 fxg6 30. Kg2 Rab8 31. Kh3 Rb2 32. R1d2 Rcb8 33. Rxb2 Rxb2 34. f4 Kf7 0-1